MARC details
| 000 -CABECERA |
| campo de control de longitud fija |
01680nam a2200337 i 4500 |
| 001 - NÚMERO DE CONTROL |
| campo de control |
000017842 |
| 003 - IDENTIFICADOR DEL NÚMERO DE CONTROL |
| campo de control |
DO-SdBNP |
| 005 - FECHA Y HORA DE LA ÚLTIMA TRANSACCIÓN |
| campo de control |
20260409144838.0 |
| 007 - CAMPO FIJO DE DESCRIPCIÓN FÍSICA--INFORMACIÓN GENERAL |
| campo de control de longitud fija |
ta |
| 008 - DATOS DE LONGITUD FIJA--INFORMACIÓN GENERAL |
| campo de control de longitud fija |
100406t2005 dr 000 0dspa d |
| 020 ## - NÚMERO INTERNACIONAL ESTÁNDAR DEL LIBRO |
| Número Internacional Estándar del Libro |
9993467189 |
| 040 ## - FUENTE DE LA CATALOGACIÓN |
| Centro catalogador/agencia de origen |
DO-SdBNP |
| Lengua de catalogación |
spa |
| Centro/agencia transcriptor |
BNPHU |
| Normas de descripción |
rda |
| 041 ## - CÓDIGO DE LENGUA |
| Código de lengua del texto/banda sonora o título independiente |
spa |
| 082 ## - NÚMERO DE LA CLASIFICACIÓN DECIMAL DEWEY |
| Número de clasificación |
972.9304 |
| Número de documento/Ítem |
P438p |
| Número de edición |
22 |
| 100 1# - ENTRADA PRINCIPAL--NOMBRE DE PERSONA |
| Nombre de persona |
Pérez Memén, Fernando, |
| Fechas asociadas al nombre |
1943- |
| Término indicativo de función/relación |
autor |
| 9 (RLIN) |
38744 |
| Código de función/relación |
aut. |
| 245 13 - MENCIÓN DE TÍTULO |
| Título |
El pensamiento democrático de Duarte y otros temas de historia dominicana y de Haití / |
| Mención de responsabilidad, etc. |
Fernando Pérez Memén. |
| 264 ## - PRODUCCIÓN, PUBLICACIÓN, DISTRIBUCIÓN, FABRICACIÓN Y COPYRIGHT |
| Producción, publicación, distribución, fabricación y copyright |
Santo Domingo : |
| Nombre del de productor, editor, distribuidor, fabricante |
Banco de Reservas de la República Dominicana, |
| Fecha de producción, publicación, distribución, fabricación o copyright |
2005. |
| 300 ## - DESCRIPCIÓN FÍSICA |
| Extensión |
355 páginas ; |
| Dimensiones |
23 cm. |
| 336 ## - TIPO DE CONTENIDO |
| Término de tipo de contenido |
texto |
| Código de tipo de contenido |
txt |
| Fuente |
rdacontent |
| 337 ## - TIPO DE MEDIO |
| Nombre/término del tipo de medio |
sin mediación |
| Código del tipo de medio |
n |
| Fuente |
rdamedia |
| 338 ## - TIPO DE SOPORTE |
| Nombre/término del tipo de soporte |
volumen |
| Código del tipo de soporte |
nc |
| Fuente |
rdacarrier |
| 500 ## - NOTA GENERAL |
| Nota general |
Incluye datos biográficos del autor en las solapas. |
| 504 ## - NOTA DE BIBLIOGRAFÍA, ETC. |
| Nota de bibliografía, etc. |
Incluye referencias bibliográficas y notas al pie de páginas. |
| 505 0# - NOTA DE CONTENIDO CON FORMATO |
| Nota de contenido con formato |
Palabras liminares / |
| Mención de responsabilidad |
Daniel Toribio Marmolejos -- |
| Título |
Prólogo -- |
| -- |
Ideas e instituciones en el período colonial y republicano -- |
| -- |
Liberalismo y conservadurismo en el ocaso del régimen hispano -- |
| -- |
Ideas e instituciones durante la dominación haitiana -- |
| -- |
Ideas, mentalidades e instituciones en la independencia dominicana -- |
| -- |
Democracia, libertad y administración de justicia -- |
| -- |
Pueblos, instituciones y personalidades. |
| 590 ## - NOTA LOCAL (RLIN) |
| Nota local |
Inventariado, 2020/MF |
| 600 10 - PUNTO DE ACCESO ADICIONAL DE MATERIA--NOMBRE DE PERSONA |
| Nombre de persona |
Duarte, Juan Pablo, |
| Fechas asociadas al nombre |
1813-1876 |
| 9 (RLIN) |
1494 |
| 651 #0 - PUNTO DE ACCESO ADICIONAL DE MATERIA--NOMBRE GEOGRÁFICO |
| Nombre geográfico |
República Dominicana -- |
| Subdivisión general |
Historia -- |
| Subdivisión cronológica |
1844-1930 |
| 9 (RLIN) |
1009 |
| 651 #4 - PUNTO DE ACCESO ADICIONAL DE MATERIA--NOMBRE GEOGRÁFICO |
| Nombre geográfico |
República Dominicana |
| Subdivisión general |
Historia |
| Subdivisión cronológica |
OCUPACIÓN HAITIANA, 1822-1844 |
| 9 (RLIN) |
7666 |
| 910 ## - DATOS DE OPCIÓN DEL USUARIO (OCLC) |
| Datos de opción del usuario |
Validado. Control de calidad EMS |
| 942 ## - ELEMENTOS DE PUNTO DE ACCESO ADICIONAL (KOHA) |
| Fuente del sistema de clasificación o colocación |
Dewey Decimal Classification |
| Tipo de ítem Koha |
Libro |